000 00615nam a2200205Ii 4500
003 JO-AjNU
008 230606s9999||||xx |||||||||||||| ||und||
020 _a0-15-500470-0
040 _aJO-AjNU
_beng
_erda
_cJO-AjNU
041 _aeng
050 1 4 _aHF5635 .B34 1981
100 3 _aBelkaoui,Ahmed ,
_eauthor
_93211
245 0 0 _aAccounting Theory
264 3 1 _aNew York : Harcourt Brace Jovanovich,1981
300 _a318p
_bIncludes bibliographical indexes(P307-318)
336 _atext
_btxt
_2rdacontent
337 _aunmediated
_bn
_2rdamedia
338 _avolume
_bnc
_2rdacarrier
650 4 _aAccounting
_93212
999 _aE1681
_c1681
_d1681